000 00512cam a22001457a 4500
008 180718b1979 xxu||||| |||| 00| 0 eng d
082 _aI5516x54 In2a
100 _aIndian Institute of Public Administration
245 _aAdministrative environment: a bunch of case studies
260 _aNew Delhi
_bIndian Institute of Public Administration
_c1979
300 _a237p.
440 _aCase studies: new Series, vol.6
650 _aMunicipal Government - India
650 _aPublic Administration Case Studies India
999 _c475649
_d475649